Phương pháp nghiên cứu xã hội học
Đã lưu trong:
| Tác giả chính: | |
|---|---|
| Định dạng: | Sách |
| Được phát hành: |
Hà Nội
ĐHQG Hà Nội
2016
|
| Những chủ đề: | |
| Các nhãn: |
Thêm thẻ
Không có thẻ, Là người đầu tiên thẻ bản ghi này!
|
| Thư viện lưu trữ: | Trung tâm Học liệu Lê Vũ Hùng, Trường Đại học Đồng Tháp |
|---|
| LEADER | 00754pam a22002178a 4500 | ||
|---|---|---|---|
| 001 | 00044224 | ||
| 005 | 20190513140529.0 | ||
| 008 | 170518s2001 ||||||Viesd | ||
| 020 | # | # | |c 69500đ |
| 041 | 0 | # | |a Vie |
| 082 | 1 | 4 | |a 307 |b PH561PH |
| 100 | 1 | # | |a Phạm, Văn Quyết |
| 245 | 1 | 0 | |a Phương pháp nghiên cứu xã hội học |c Phạm Văn Quyết, Nguyễn Quý Thanh |
| 260 | # | # | |a Hà Nội |b ĐHQG Hà Nội |c 2016 |
| 300 | # | # | |a 444 tr. |c 24 cm |
| 653 | # | # | |a Phương pháp |
| 653 | # | # | |a Xã hội học |
| 653 | # | # | |a nghiên cứu |
| 852 | # | # | |j KM.0029651 |j KD.0025835 |j KM.0029645 |j KM.0029646 |j KM.0029644 |
| 910 | # | # | |d 13/05/2019 |
| 980 | # | # | |a Trung tâm Học liệu Lê Vũ Hùng, Trường Đại học Đồng Tháp |